00493nam a2200193 a 4500001001300000003000900013005001700022008004100039020001000080082001600090100002500106245002000131260004300151300000900194500003500203505001000238650002600248700002500274nice12345678IN_TiNIC20260116011511.0050524s1938 laha grp 000 0 ara  ac10000a922.97bMUS aMuslah, Abu Mohammad aQuran Aur Iqbal aLahorebSang-E-Meel Publicationsc1938 a152p aincludes index and biblioraphy2 aindex aIqbal Muhammad-Poetry1 aMuslah, Abu Mohammad